Social Psychology / Eleventh Edition (Record no. 3478)
[ view plain ]
| 000 -LEADER | |
|---|---|
| fixed length control field | 01354cam a22002294a 4500 |
| 005 - ΗΜΕΡΟΜΗΝΙΑ ΚΑΙ ΩΡΑ ΤΕΛΕΥΤΑΙΑΣ ΕΝΗΜΕΡΩΣΗΣ | |
| Πεδίο ελέγχου | 20250605164116.0 |
| 008 - FIXED-LENGTH DATA ELEMENTS--GENERAL INFORMATION | |
| Πεδίο ελέγχου σταθερού μήκους | 250528s ||||||||||||||||||||||||d |
| 035 ## - SYSTEM CONTROL NUMBER | |
| System control number | 18093 |
| 020 ## - ISBN | |
| ISBN | 205444121 |
| 040 ## - ΠΗΓΗ ΚΑΤΑΛΟΓΟΓΡΑΦΗΣΗΣ | |
| Φορέας πρωτότυπης καταλογογράφησης | MC Athens Campus Library |
| Γλώσσα καταλογογράφησης | Ελληνικά, Μοντέρνα (1453-) |
| Modifying agency | MC Athens Campus Library |
| Κανόνες περιγραφικής καταλογογράφησης | AACR2 |
| 245 1# - ΤΙΤΛΟΣ ΚΑΙ ΔΗΛΩΣΗ ΥΠΕΥΘΥΝΟΤΗΤΑΣ | |
| Τίτλος | Social Psychology / Eleventh Edition |
| 250 ## - EDITION STATEMENT | |
| Edition statement | 11th |
| 260 ## - PUBLICATION, DISTRIBUTION, ETC. | |
| Name of publisher, distributor, etc. | Pearson Education Limited, |
| Date of publication, distribution, etc. | 2006 |
| 300 ## - PHYSICAL DESCRIPTION | |
| Extent | 654 |
| 520 ## - SUMMARY, ETC. | |
| Summary, etc. | The Field of Social Psychology: How We Think about and Interact with Others, Social Cognition: Thinking about the Social World, Social Perception: Perceiving and Understanding Others, Attitudes: Evaluating the Social World, The Self: Understanding ''Who Am I ?'', Prejudice: Its Causes and Effects and Cures, Interpersonal Attraction: Meeting and Linking and Becoming Acquianted, Close Relationships: Family and Friends and Lovers and Spouses, Social Influence: Changing Others' Behavior, Propocial Behavior: Helping Others, Aggression: Its Nature and Causes and Control, Groups and Individuals: The Consequences of Belonging, Social Psychology in Action: Applications to Law and Health, Social Psychology Goes to Work: Applying Social Psychology to Work Settings and Entrepreneurship. |
| 700 1# - ΠΡΟΣΘΕΤΗ ΑΝΑΓΡΑΦΗ--ΦΥΣΙΚΟ ΠΡΟΣΩΠΟ | |
| Personal name | Baron Robert A. |
| 9 (RLIN) | 568 |
| 700 1# - ΠΡΟΣΘΕΤΗ ΑΝΑΓΡΑΦΗ--ΦΥΣΙΚΟ ΠΡΟΣΩΠΟ | |
| Personal name | Branscombe Nyla R |
| 9 (RLIN) | 4377 |
| 700 1# - ΠΡΟΣΘΕΤΗ ΑΝΑΓΡΑΦΗ--ΦΥΣΙΚΟ ΠΡΟΣΩΠΟ | |
| Personal name | Byrne Donn Erwin |
| 9 (RLIN) | 4378 |
| 942 ## - ADDED ENTRY ELEMENTS (KOHA) | |
| Koha item type | Books |
| Τύπος τεκμηρίου | Βιβλιοθήκη | Τρέχουσα τοποθεσία | Barcode | Αριθμός εισαγωγής | Ημερομηνία απόκτησης | Ταξιθετικό σύμβολο | Αριθμός αντιτύπου | Κατάσταση απόσυρσης | Κατάσταση χαμένου | Κατάσταση κατεστραμμένου | Μη δανεισμός | Σύνολο δανεισμών | Σύνολο ανανεώσεων | Ημερομηνία τελευταίας εμφάνισης | Χρονολογία τελευταίου δανεισμού | Η τιμή ισχύει από |
|---|---|---|---|---|---|---|---|---|---|---|---|---|---|---|---|---|
| Books | MC Athens Campus Library | MC Athens Campus Library | 9780000034779 | 2281 | 05/06/2025 | 302 BAR | 1 | 2 | 1 | 16/02/2026 | 09/02/2026 | 05/06/2025 |